Honorifics - Statistics

General Stats
  • This quiz has been taken 30 times
  • The average score is 10 of 15
Answer Stats
Hint Answer % Correct
A title used for men, regardless of marital status Mr.
100%
A title for women, neutral to marital status Ms.
96%
A designation for someone with a doctoral degree Dr.
93%
The leader of the Catholic Church Pope
89%
A title of respect or knighthood used for men Sir
89%
A title for a university-level educator or researcher Prof.
81%
A designation for someone in command of a ship or an aircraft Captain
70%
A Japanese term for a teacher, particularly in martial arts or academics Sensei
70%
A title for emperors of Russia or other Slavic nations historically Czar
63%
A title for the head of a school or institution Principal
63%
A judge Your Honor
56%
A rank of nobility, typically below a viscount in many systems Baron
52%
A term used to address a reigning king His Majesty
48%
A historical term for young men serving knights or landowners Squire
41%
A title used for rulers or nobility in Central Asian and Islamic traditions Khan
33%
No matching quizzes found
Score Distribution
Percent of People with Each Score
Percentile by Number Answered
Your Score History
You have not taken this quiz